ბათუმის შოთა რუსთაველის სახელმწიფო უნივერსიტეტის ბიბლიოთეკა

უცხოური ენის, როგორც მეორე ენის სწავლება / სწავლის მიმართულების "კულტურათა დიალოგის ასახვა უმაღლესი სკოლის საგანმანათლებლო პროგრამებში'' : დისერტაცია / (ბიბ.ჩანაწერი № 51662)

000 -ლიდერი
ფიქსირებული სიგრძის საკონტროლო ველი 01739nam a2200229Ia 4500
001 - საკონტროლო ნომერი
საკონტროლო ველი 18653
003 - საკონტროლო ნომრის იდენტიფიკატორი
საკონტროლო ველი GE_BSU
005 - ბოლო ოპერაციის თარიღი და დრო
საკონტროლო ველი 20220920111134.0
008 - ფიქსირებული სიგრძის მონაცემთა ელემენტები - ზოგადი ინფორმაცია
ფიქსირებული სიგრძის საკონტროლო ველი 181216s2012||||ge |||||||||||||| ||geo||
040 ## - კატალოგიზაციის წყარო
Transcribing agency GE_BSU
041 ## - ენის კოდი
Language code of text/sound track or separate title geo
080 ## - უნივერსალური ათობითი კლასიფიკაციის ინდექსი
Universal Decimal Classification number 378 ნ-21
100 ## - მთავარი ჩანაწერი - პიროვნების სახელი
Personal name ნაკაშიძე - მახარაძე, თათია
9 (RLIN) 11699
245 ## - ცნობა სათაურის შესახებ
Title უცხოური ენის, როგორც მეორე ენის სწავლება / სწავლის მიმართულების "კულტურათა დიალოგის ასახვა უმაღლესი სკოლის საგანმანათლებლო პროგრამებში'' : დისერტაცია /
Statement of responsibility, etc თათია ნაკაშიძე - მახარაძე; სამეცნიერო ხელმძღვანელი ც. მეგრელაძე; ბათუმის შოთა რუსთაველის სახ-ფო უნ-ტი.
264 ## - წარმოების, გამოცემის, დისტრიბუციის და სხვა ცნობები
გამოცემის, წარმოების, დისტრიბუციის... ადგილი ბათუმი,
გამოცემის, წარმოების, დისტრიბუციის... თარიღი 2012.
300 ## - ფიზიკური აღწერა
Extent 186 გვ.;
Other physical details 30 სმ.
653 ## - INDEX TERM--UNCONTROLLED
Uncontrolled term დისერტაცია
653 ## - INDEX TERM--UNCONTROLLED
Uncontrolled term პედაგოგიკა
653 ## - INDEX TERM--UNCONTROLLED
Uncontrolled term უცხოური ენის, როგორც მეორე ენის სწავლება / სწავლის მიმართულების "კულტურათა დიალოგის ასახვა უმაღლესი სკოლის საგანმანათლებლო პროგრამებში''
700 ## - ADDED ENTRY--PERSONAL NAME
Personal name მეგრელაძე, ც.
Relator term სამეცნიერო ხელმძღვანელი
9 (RLIN) 11700
942 ## - ADDED ENTRY ELEMENTS (KOHA)
Koha item type წიგნი
Source of classification or shelving scheme
ეგზემპლარები
ჩამოწერის სტატუსი დაკარგული ეგზემპლარის სტატუსი კლასიფიკაციის წყარო ან თაროზე გაწყობის სქემა დაზიანების სტატუსი არ გაიცემა მუდმივი მდებარეობა (დაცვის ადგილი) ამჟამინდელი ადგილსამყოფელი შეძენის თარიღი სრული შენახვის შიფრი შტრიხკოდი ბოლო ოპერაციის თარიღი ეგზემპლარის მიმდევრობითი ნომერი (კეტერი?) ფასის ძალაში შესვლის თარიღი ეგზემპლარის სახეობა
        შიდა ფონდი ბათუმის შოთა რუსთაველის სახელმწიფო უნივერსიტეტის მთავარი ბიბლიოთეკა ბათუმის შოთა რუსთაველის სახელმწიფო უნივერსიტეტის მთავარი ბიბლიოთეკა 2018-12-17 378 ნ-21 94 დისერტ. 2018-12-17 94 2018-12-17 დისერტაცია